000 00497nam a2200181Ia 4500
003 GCL
008 140319s9999 xx 000 0 ara d
040 _aGCL /
_cGCL
082 0 4 _a813.01
_bم م
100 1 _aمحمد عامر
245 1 0 _aمعمدانية المحبة: قصص /
_cمحمد عامر
300 _a101 ص
490 _aابداعات
_v0
650 0 4 _aالادب العربى
650 0 4 _aالقصص العربية
650 0 4 _aالقصص القصيرة
942 _2ddc
_cBK
999 _c50708
_d50708